3 Largest Cities in Each European Country - Statistics

General Stats
  • This quiz has been taken 2,497 times
    2,491 since last reset
  • The average score is 64 of 132
Answer Stats
Answer % Correct
Vienna
96%
Dublin
93%
Rome
91%
Prague
89%
Zagreb
89%
Milan
88%
Amsterdam
87%
Copenhagen
87%
Paris
87%
Madrid
86%
Monaco-Ville
86%
Oslo
86%
Barcelona
85%
Berlin
85%
Helsinki
85%
Athens
84%
Budapest
84%
Lisbon
84%
Minsk
84%
Warsaw
84%
London
83%
Moscow
83%
Riga
83%
Stockholm
83%
Luxembourg
81%
Naples
81%
Belgrade
80%
Bratislava
80%
Rotterdam
80%
Sofia
80%
Bucharest
79%
Kiev
79%
Marseille
79%
Munich
79%
Hamburg
78%
Lyon
78%
Tirana
78%
Saint Petersburg
77%
Zurich
77%
Sarajevo
75%
Vaduz
75%
Vilnius
75%
Antwerp
74%
San Marino
74%
Birmingham
73%
Pristina
73%
Tallinn
73%
Krakow
72%
Reykjavik
72%
Valencia
72%
Cork
71%
Geneve
70%
Skopje
70%
Andorra la Vella
68%
Ljubljana
68%
Podgorica
68%
Malmo
65%
Bergen
63%
Chisinau
63%
Split
62%
Graz
60%
Leeds
58%
Thessaloniki
56%
Brno
53%
Gothenburg
52%
The Hague
52%
Linz
50%
Aarhus
48%
Basel
48%
Odessa
48%
Lodz
46%
Monte Carlo
45%
Limerick
42%
Ghent
39%
Novi Sad
39%
Kharkiv
37%
Tampere
36%
Turku
35%
Varna
35%
Kaunas
34%
Kosice
32%
Odense
32%
Ostrava
31%
Debrecen
30%
Plovdiv
30%
Maribor
29%
Rijeka
27%
Stavanger
27%
Charleroi
26%
Nis
26%
Cluj-Napoca
25%
Durres
25%
Novosibirsk
25%
Tartu
25%
Banja Luka
23%
Timisoara
22%
Tiraspol
21%
Klaipeda
19%
Mosta
19%
Daugavpils
18%
Schaan
16%
Szeged
14%
Narva
12%
Prizren
12%
Bitola
11%
Vlore
11%
Celje
9%
Niksic
9%
Presov
9%
Tuzla
9%
Balti
8%
Esch-sur-Alzette
8%
Liepaja
8%
Serravalle
8%
Kumanovo
6%
Encamp
5%
Escaldes-Engordany
5%
Kopavogur
5%
Vila Nova de Gaia
5%
Differdange
4%
Sintra
4%
Borgo Maggiore
3%
Hafnarfjordur
3%
Qormi
3%
Triesen
3%
La Condamine
2%
Paras
2%
Pljevlja
2%
Barysaw
1%
Birkirikara
1%
Ferizaj
1%
Salihorsk
0%
No matching quizzes found
Score Distribution
Percent of People with Each Score
Percentile by Number Answered
Your Score History
You have not taken this quiz since the last reset